El capital y su espacio
Furkejuvvon:
| Váldodahkki: | |
|---|---|
| Materiálatiipa: | Texto |
| Almmustuhtton: |
México D.F.:
Siglo Veintiuno
|
| Fáddágilkorat: |
Lasit fáddágilkoriid
Eai fáddágilkorat, Lasit vuosttaš fáddágilkora!
|
MARC
| LEADER | 00000 a a2200000 04500 | ||
|---|---|---|---|
| 001 | 24663 | ||
| 003 | |||
| 040 | |||
| 020 | |a 968-23-0289-7 | ||
| 090 | |a 173100 | ||
| 100 | |a Lipietz, Alain | ||
| 245 | |a El capital y su espacio | ||
| 260 | |a México D.F.: |b Siglo Veintiuno | ||
| 300 | |a 203 p. |b fonodiscos | ||
| 999 | |c 15104 |d 15104 | ||



